|
|
|
|
| LEADER |
01312ppm a22003138a 4500 |
| 001 |
00034983 |
| 005 |
20171026081025.0 |
| 008 |
161110s2016 ||||||Viesd |
| 041 |
0 |
# |
|a Vie
|
| 082 |
1 |
4 |
|b QU105L
|a 004.07
|
| 100 |
1 |
# |
|a Huỳnh, Tấn Thạch
|
| 245 |
0 |
0 |
|a Quản lý hoạt động dạy học tin học không chuyên tại Trường Đại học Đồng Tháp
|b Luận văn thạc sĩ khoa học. Chuyên ngành: Quản lý Giáo dục. Mã số: 60.14.01.14
|c Huỳnh Tấn Thạch;Đào Hoàng Nam (hướng dẫn)
|
| 260 |
# |
# |
|a Đồng Tháp
|b Đại học Đồng Tháp
|c 2016
|
| 300 |
# |
# |
|a 107 tr. +phụ lục
|c 30cm.
|e 1 bản tóm tắt
|
| 500 |
# |
# |
|a ĐTTS ghi: Bộ giáo dục và đào tạo. Trường Đại học Đồng tháp
|
| 653 |
# |
# |
|a Luận văn
|
| 653 |
# |
# |
|a Quản lý giáo dục
|
| 653 |
# |
# |
|a Đồng bằng sông Cửu Long
|
| 653 |
# |
# |
|a Đại học Đồng Tháp
|
| 653 |
# |
# |
|a Việt Nam
|
| 653 |
# |
# |
|a Tin học
|
| 700 |
1 |
# |
|a Đào, Hoàng Nam
|e Hướng dẫn
|
| 852 |
# |
# |
|j LV.0000725
|j LV.0001470
|
| 852 |
# |
# |
|b Kho sau Đại Học
|
| 910 |
0 |
# |
|d 10/11/2016
|
| 980 |
# |
# |
|a Trung tâm Học liệu Lê Vũ Hùng, Trường Đại học Đồng Tháp
|